000 00376nam a2200145Ia 4500
008 191201s2005 xx 000 0 und d
082 _a658.5
_bKUI
100 _aKUMAR, Surender
245 0 _aIndustrial Engineering and Management of Manufacturing
250 _aRep.
260 _aN.Delhi
_bSatya Prakashan
_c2005
300 _a1000
650 _aB.Tech(ME)
942 _2ddc
_cBK
999 _c3614
_d3614